| 000 | 00449cam a22001577a 4500 | ||
|---|---|---|---|
| 008 | 180718b2000 xxu||||| |||| 00| 0 eng d | ||
| 020 | _a0472109251 | ||
| 082 | _aT1 P871 | ||
| 100 | _aPowelson, John P. | ||
| 245 |
_aThe moral economy _cby John P. Powelson |
||
| 260 |
_aMichigan _bUniversity of Michigan Press _c2000 |
||
| 300 | _a282p. | ||
| 650 | _aSocial justice | ||
| 650 | _aSocial problems | ||
| 650 | _aEconomics - Moral and ethical aspects | ||
| 999 |
_c391955 _d391955 |
||